| 000 | 00599nam a2200205 a 4500 | ||
|---|---|---|---|
| 005 | 20220905063509.0 | ||
| 008 | 090622s2007 mx r 000 0 spa d | ||
| 020 | _a9789875454118 | ||
| 035 | _aUPN01000171352 | ||
| 049 | _aCG | ||
| 050 | 4 |
_aPQ7798.26 I8.6 _bD6.5 |
|
| 100 | 1 |
_aPisos, Cecilia, _d1965- _931828 |
|
| 245 | 1 | 0 |
_aDominĂ³ / _cCecilia Pisos ; il. de Laura Michell. |
| 260 |
_aBuenos Aires : _bNorma, _cc2007. |
||
| 300 |
_a189 p. : _bil. |
||
| 440 | 0 |
_aTorre de papel. _pAmarilla |
|
| 650 | 0 |
_aLiteratura juvenil argentina _912413 |
|
| 650 | 0 |
_aNovela argentina _95078 |
|
| 905 | _aLibro | ||
| 999 |
_c143457 _d143457 |
||